1591 1966 1616 1982 1679 1139 1362 1528 1241 1149 1277 1552 1072 1595 1648 1027 1014 1454 1076 1386 1528 1302 1137 1251 1527 1925 1392 1532 1517 1891 1241 1404 1911 1887 1293 1744 1799 1712 1877 1315 1363 1208 1716 1218 1868 1397 1026 1364 1659 1925 1524 1775 1714 1258 1449 1995 1813 1566 1943 1761 1894 1918 1960 1857 1533 1571 1450 1379 1832 1755 1211 1092 1952 1552 1443 1703 1471 1255 1904 1048 1895 1493 1966 1508 1510 1077 1012 1746 1828 1858 1611 1606 1181 1512 1975 1522 1181 1212 1888 BCNSPRNW ULIB Ver.6.0+V

เปลี่ยนเป็นภาษาไทย

Change to English
 แสดงรายละเอียดบรรณานุกรม
  กลับหน้าหลัก

Brief Record : Get Marc (ISO 2709) : E-mail record : QR code < ปิดหน้าต่าง
LEADER : 00000nam 2200000uu 4500
001    13399125313
003     ULIB
008    170419s2559||||th 000 0 tha d
020    ^a9786167829630
060    ^aWS200 ช576Q
100    ^aชิษณุ พันธุ์เจริญ
245    ^aQ&A ไขปัญหา ไข้ในเด็ก
250    ^aพิมพ์ครั้งที่ 1
260    ^aกรุงเทพฯ :^bโครงการจุฬาคิดส์คลับ ฝ่ายกุมารเวชศาสตร์ โรงพยาบาลจุฬาลงกรณ์ สภากาชาดไทย,^c2559
300    ^a84 หน้า
650    ^aไข้^xการรักษา
650    ^aเด็ก, โรค^xการรักษา
945    ^p0^l0^i001920
945    ^p0^l0^i001921
945    ^p0^l0^i001922
999    ^aวรรณษา ชูชัยมงคล
รายการนี้ยังไม่มีแท็ก
คุณยังไม่ได้ล็อกอิน คุณสามารถมีกิจกรรมร่วมกับเว็บไซต์ได้ แต่ต้องล็อกอินก่อน ::
  ล็อกอิน

รายการสื่อสารสนเทศ

ลำดับที่ ประเภท เลขเรียก/บาร์โค้ด สถานที่ สถานะ
1. วิทยาศาสตร์การแพทย์ และสุขภาพ
วิทยาศาสตร์การแพทย์ และสุขภาพ
สถานะ=หนังสือเก่า
WS200 ช576Q ฉ.1 
  Barcode: 001920
ห้องสมุดวิทยาเขตสวรรค์ประชารักษ์
►ส่วนจัดเก็บหนังสือเก่า สปร
บนชั้น
  ขอยืม
2. วิทยาศาสตร์การแพทย์ และสุขภาพ
วิทยาศาสตร์การแพทย์ และสุขภาพ
สถานะ=หนังสือเก่า
WS200 ช576Q ฉ.2 
  Barcode: 001921
ห้องสมุดวิทยาเขตสวรรค์ประชารักษ์
►ส่วนจัดเก็บหนังสือเก่า สปร
บนชั้น
  ขอยืม
3. วิทยาศาสตร์การแพทย์ และสุขภาพ
วิทยาศาสตร์การแพทย์ และสุขภาพ
สถานะ=หนังสือเก่า
WS200 ช576Q ฉ.3 
  Barcode: 001922
ห้องสมุดวิทยาเขตสวรรค์ประชารักษ์
►ส่วนจัดเก็บหนังสือเก่า สปร
บนชั้น
  ขอยืม

รายการใกล้เคียง
    ชื่อเรื่อง [Q&A ไขปัญหา ไข้ในเด็ก]

    ผู้แต่ง [ชิษณุ พันธุ์เจริญ]

BibComment


ยังไม่เคยถูกคอมเมนท์

คอมเมนท์ทรัพยากรรายการนี้
  คอมเมนท์: QA ไขปัญหา ไข้ใน..


 Copyright 2026. Bcnsprnw @Library